| 000 | 00404nam a2200181Ia 4500 | ||
|---|---|---|---|
| 003 | 0100 | ||
| 008 | 130303s9999 xx 000 0 und d | ||
| 040 | _cARRUPELIB | ||
| 050 | _aB3279.H49K5 | ||
| 100 | _aKing, Magda | ||
| 245 | _aHeidegger's Philosophy | ||
| 245 | _bA guide to his basic thought | ||
| 260 | _aNY | ||
| 260 | _bMacmillan company | ||
| 260 | _C1964 | ||
| 300 | _a193p | ||
| 942 | 0 | 0 | _02 |
| 999 |
_c41148 _d41148 |
||